Biggest Countries in North America by Area - Sudden Death - Statistics

General Stats
  • This quiz has been taken 68 times
  • The average score is 11 of 15
Answers on the Grid
Answers color-coded by a green-red scale on the quiz's grid according to % correct below.
Trinidad and Tobago
Haiti
Dominica
Saint Lucia
Nicaragua
Costa Rica
Antigua and Barbuda
Honduras
Barbados
Dominican Republic
Grenada
Guatemala
Cuba
Saint Kitts and Nevis
Panama
Jamaica
United States of America
Saint Vincent and the Grenadines
Belize
Canada
El Salvador
Bahamas
Mexico
 
Answer Stats
Answer % Correct
United States of America
100%
Canada
96%
Mexico
96%
Cuba
84%
Honduras
84%
Guatemala
79%
Nicaragua
75%
Costa Rica
70%
Dominican Republic
66%
Jamaica
61%
Panama
59%
El Salvador
55%
Haiti
55%
Belize
39%
Bahamas
38%
No matching quizzes found
Score Distribution
Percent of People with Each Score
Percentile by Number Answered
Your Score History
You have not taken this quiz